00754nam a2200181 a 450000100100000000500170001000800410002704000130006808200160008111000850009724501800018226000340036230000200039650000190041604900090043595201130044499900150055700000737720250502073818.0090908s1999 dr 001 0 spa d aDO-SdBNP aXXXXbI598e1 aRepública Dominicana.bOficina Nacional de Administración y Personal 92639810aInstructivo de evaluación del personal civil del poder ejecutivo :bresolución núm. 12-99 (deroga y sustituye la resolución núm. 5-96 de fecha 15 de agosto de 1996). aSanto Domingo :bONAP,c1999. a73 p. ;c21 cm. aIncluye anexos aBNPD 0010718PDaPDbPDcCTd2009-09-08iLF1l0oXXXX I598ep7377-10r2020-06-25w2020-06-25yLFPDZNo se presta c7158d7158